El papagayo azul

Enregistré dans:
Détails bibliographiques
Auteur principal: Mirande, Jacqueline (autora)
Format: Livre
Langue:espagnol
Publié: Bogotá Norma 1990
Collection:Torre de papel
Sujets:
Tags: Ajouter un tag
Pas de tags, Soyez le premier à ajouter un tag!

MARC

LEADER 00000nam a2200000 a 4500
001 UCH7284
003 CL-VaPUC
008 091109e19900000CK |||||||||||||||||spa|d
020 |a 9580412146 
082 0 4 |a 843  |b MIR  |2 21 
100 |a Mirande, Jacqueline  |e autora  |9 543709 
245 1 3 |a El papagayo azul 
300 |a 173 p 
942 |c BK 
945 |d 20091109 00:00:00  |a ccalabra 
260 |a Bogotá  |b Norma  |c 1990 
650 0 |a Literatura  |9 259151 
650 0 |a Literatura francesa  |9 266330 
650 0 |a Novela francesa  |9 264985 
650 0 |a Escritores franceses   |9 450149 
650 0 |a Narrativa  |9 336727 
650 0 |a Lectura  |9 307634 
650 0 |a Ficción   |9 376687 
651 0 |a Francia  |9 255157 
583 |a last modification  |c 20091109 00:00:00  |k Rodrigo Vera 
490 0 |a Torre de papel 
999 |c 337941  |d 337939